| 000 | 00458nam a2200169Ia 4500 | ||
|---|---|---|---|
| 999 |
_c1204 _d1204 |
||
| 003 | OSt | ||
| 005 | 20200930145444.0 | ||
| 008 | 190216s9999||||xx |||||||||||||| ||und|| | ||
| 040 | _coclc | ||
| 082 |
_a632.4 _bMUN/F |
||
| 100 |
_aMundkur, B B _95240 |
||
| 245 | 0 |
_aFungi And Plant Disease / _cB B Mundkur |
|
| 260 |
_bMacmillan, _c1967. _aKolkata: |
||
| 300 | _a348p | ||
| 650 | _aBotany | ||
| 942 |
_cBK _2ddc _h632.4 _iMUN/F _k632.4 _mMUN/F |
||